000 00285nam a22001337a 4500
008 180117b xxu||||| |||| 00| 0 eng d
020 _a9780966190861
041 _aeng
080 _a101
100 _a24
101 _aFIL
245 _aAlternative values
_cLewis,H
942 _2udc
_cBK
999 _c40437
_d40437